Cadbury Schweppes limited annual report and accounts

Salvato in:
Dettagli Bibliografici
Natura: Libro
Lingua:Undetermined
Pubblicazione: London Williams Lea 1975
Soggetti:
Tags: Aggiungi Tag
Nessun Tag, puoi essere il primo ad aggiungerne! !
Thư viện lưu trữ: Trung tâm Học liệu Trường Đại học Cần Thơ
LEADER 00429nam a2200157Ia 4500
001 CTU_80875
008 210402s9999 xx 000 0 und d
082 |a 657.02 
082 |b C121 
245 0 |a Cadbury Schweppes limited annual report and accounts 
260 |a London 
260 |b Williams Lea 
260 |c 1975 
650 |a Accountants 
904 |i Trọng Hải 
980 |a Trung tâm Học liệu Trường Đại học Cần Thơ